| 000 | 00896nam a22002177a 4500 | ||
|---|---|---|---|
| 999 |
_c22246 _d22246 |
||
| 003 | AR-CdUCM | ||
| 008 | 190425b ||||| |||| 00| 0 spa d | ||
| 040 |
_aMUNICIPALIDAD PROVINCIAL DEL CUSCO _cBIBLIOTECA MUNICIPAL DEL CUSCO |
||
| 082 | _aNoqanchis/N°4/2012 | ||
| 245 |
_aNoqanchis : _blliwpaq revistanchis / _cCentro de Educación y Comunicación Guamán Poma de Ayala |
||
| 260 |
_aCusco. _bJMD, _c2012. |
||
| 300 |
_a16 páginas. : _bilustraciones ; _c29 cm. |
||
| 440 |
_aNoqanchis. _nAño 02, N°4, 2012 _947746 |
||
| 500 | _aRevista en idioma quechua | ||
| 505 | _aContenido: Sonia Cahuana runasimipi munay misk´i takinkunan. -- Benito Salas Q´ero ayllunmanta Lima llaqtapi kusisqa purikun. | ||
| 650 |
_aIdioma quechua _927790 |
||
| 650 |
_aRevista quechua _947747 |
||
| 710 |
_aCentro de Educación y Comunicación Guamán Poma de Ayala _947233 |
||
| 942 |
_2ddc _cPP |
||
| 945 | _arac | ||